000 00686nam a2200193 i 4500
001 92367
003 ES-MaACL
005 20230906180945.0
007 t|
008 050307s1967 sp ||||1| spa d
100 1 _aLikoff, William.
_972281
245 1 3 _aLa cardiopatía coronaria /
_cdirectores: William Likoff y John H. Moyer; prólogo J. Gibert-Queraltó; [versión Juan Colom y Bragulat].
260 _aBarcelona :
_bCientífico-Médica,
_c1967.
300 _aXX, 579 p. :
_bil., 4 lám. ;
_c25 cm.
700 1 _aMoyer, John H.
_983990
700 1 _aGibert-Queraltó, Juan (
_d1907-1998)
_956653
700 0 _aColom Bragulat, Juan.
_939794
852 _aES-MaACL
_jC-33721
_bR.64050
999 _c92367
_d92367